Marszałkowie Senatu po 1989 - Statystyki

Ogólne statystyki
  • Ten quiz został rozwiązany 163 razy
  • Średni wynik to 4 z 8
Statystyki odpowiedzi
Lata Odpowiedź % Poprawnych
2019- Tomasz Grodzki
87%
2005-2015 Bogdan Borusewicz
76%
2015-2019 Stanisław Karczewski
72%
1989-1991 Andrzej Stelmachowski
38%
2001-2005 Longin Pastusiak
37%
1993-1997 Adam Struzik
35%
1997-2001 Alicja Grześkowiak
34%
1991-1993 August Chełkowski
28%
Nie znaleziono quizów pasujących do podanych kryteriów
Rozkład punktacji
Procent ludzi z każdym wynikiem
Percentyl według liczby udzielonych odpowiedzi
Twoja historia wyników
Nie rozwiązałeś tego quizu